000 00512nam a22001577a 4500
999 _c19760
_d19760
008 240319b ||||| |||| 00| 0 eng d
020 _a0697042979
082 _aDC 551
_bM76 1989
100 _aMontgomery, Carla W.
_955030
245 _aFundamentals of geology /
_cCarla W. Montgomery.
260 _aDubuque, Iowa :
_bWCB Publishers,
_c©1989.
300 _axiv, 357 pages :
_bcolor illustrations ;
_c27 cm.
500 _aIncludes appendices, glossary and index.
650 _aGeology.
_925727
942 _2ddc
_cDC